| 000 | 00609nam a2200217 a 4500 | ||
|---|---|---|---|
| 005 | 20210219152925.0 | ||
| 008 | 991125n 000 0 u | ||
| 035 | _aUPN01000067300 | ||
| 100 | _aMargolin, Leslie | ||
| 222 |
_aCHILD ABUSE AND NEGLECT : _bTHE INTERNATIONAL JOURNAL |
||
| 245 | _aChild abuse by mothers' boyfriends : why the overrepresentation? | ||
| 300 | _a541-551 | ||
| 362 | _aVol 16, No. 4, 1992 | ||
| 505 | _aMarzo 1993 | ||
| 653 | 0 | _aCRIMINALES | |
| 653 | 0 | _aFRECUENCIA | |
| 653 | 0 | _aNINO MALTRATADO | |
| 653 | 0 | _aPADRE DE FAMILIA | |
| 904 |
_aAC _b005111 |
||
| 905 | _aArticulo | ||
| 999 |
_c63915 _d63915 |
||